|
|
|
|
| LEADER |
01378nab#a2200325#ar4500 |
| 001 |
000070710 |
| 003 |
SVKKK |
| 005 |
20001102xxxxxxx. |
| 008 |
06 c xo huno |
| FMT |
|
|
|
| 038 |
|
|
|a SVKKK
|
| 040 |
|
|
|a SVKKK
|b slo
|e AACR2
|
| 041 |
0 |
|
|a hun
|
| 044 |
|
|
|a xo
|c SK
|
| 080 |
|
|
|a 296
|
| 100 |
1 |
|
|a Moskovics, Ervinné [?]
|4 aut
|
| 242 |
1 |
0 |
|a Humenský židovský ženský spolok
|
| 245 |
1 |
0 |
|a A homonnai izr. Nőegylet
|c Ervinné [?] Moskovics
|
| 500 |
|
|
|a mikrofilm
|
| 520 |
2 |
|
|a Text verejného vyúčtovania z príjmov Humenského dobročinného židovského ženského spolku (A homonnai Izr. Jótékony Nőegylet) za koncert spojený s tanečnou zábavou, ktorý sa uskutočnil 14. 01. 1911. Vyúčtovanie predkladá spolková predsedníčka. Zverejnený menoslov predplatiteľov, výška príspevku ako aj ich miesto bydliska. Čistý zisk z akcie bol 10009 korún a 38 halierov.
|
| 650 |
0 |
4 |
|a koncert - zábava tanečná - Humenský dobročinný židovský ženský spolok (organizátor) - vyúčtovanie verejné - Humenné - 14.01.1911 - texty
|
| 773 |
0 |
|
|t Homonna és Vidéke : Vegyes tartalmu közmüvelődési, szépirodalmi és közgazdasági hetilap
|g Roč. 11, č. 6 (05.02.1911) s. 2
|
| 957 |
|
|
|a Humenné
|
| 958 |
|
|
|a CI
|
| 958 |
|
|
|a DG
|
| 958 |
|
|
|a SK
|
| 974 |
|
|
|a Ba
|d 20001102
|
| 992 |
|
|
|a RBX
|
| BAS |
|
|
|
| 998 |
|
|
|a RETRO
|